Datum a čas kvízu
36
Celkem bodů
Celkový počet nahraných bodů na tomto kvízu bez doplňovacích otázek.
5.
Pořadí na kvízu
Konečné umístění týmu na tomto kvízu.
Zaznamenané odpovědi
| # | Otázka | Odpověď | Body | Výsledky |
|---|---|---|---|---|
| 1. | Liberečtí zastupitelé odmítli... | budova Skloexportu<sub></sub><sup></sup> | 1 | |
| 2. | Armáda jednoho evropského stát... | Švýcarsko | 0 | |
| 3. | Do českých kin vstoupil minulý... | ve vlaku | 1 | |
| 4. | Minulý týden jsme se dozvěděli... | Prima TV | 1 | |
| 5. | První velké překvapení jarní č... | Slavia Praha - MFK Karviná 0:1 | 1 | |
| 6. | Patrně nejznámější čarodějnicí... | Kirké | 1 | |
| 7. | Čaroděj Rumburak ve filmu z ro... | Václav Vorlíček | 1 | |
| 8. | Nechvalnou součástí historie j... | Salem | 1 | |
| 9. | Rolí Dorotky se ve filmové ada... | Judy Garlandová | 0 | |
| 10. | Hlavní postava malé čarodějnic... | Abraxas | 0 |